000 00559nam a2200217Ia 4500
003 OSt
005 20230424110957.0
008 210423s1999 xx 000 0 und d
020 _a8120412737
040 _cAL
041 _aeng
082 _a660.60581 CHOV
100 _aCHOPRA (V L);others.
_991934
245 _aApplied plant biotechnology.
260 _aNew Delhi
_bOxford University Press
_c1999
300 _ax,384
_bPB
365 _b595
_cINR
650 _aBiotechnology
_991935
906 _aApplied ; biotechnology. ; plant
942 _2ddc
_cBK
999 _c162542
_d162542